Library of the University of Algiers 3
Ibrahim Sultan Cheibout
شعار جامعة الجزائر 3
مكتبة جامعة الجزائر 3
إبراهيم سلطان شيبوط

مقدمة في التحليل الإقتصادي الجزئي / (رقم التسجيلة. 42766)

تفاصيل مارك
000 -LEADER
fixed length control field 01292nam a2200265Ia 4500
003 - CONTROL NUMBER IDENTIFIER
control field Ost
005 - DATE AND TIME OF LATEST TRANSACTION
control field 20260507075058.0
008 - FIXED-LENGTH DATA ELEMENTS--GENERAL INFORMATION
fixed length control field 260507s9999||||xx |||||||||||||| ||und||
020 ## - INTERNATIONAL STANDARD BOOK NUMBER
International Standard Book Number 3791117599
040 ## - CATALOGING SOURCE
Transcribing agency fsecg
041 ## - LANGUAGE CODE
Language code of text/sound track or separate title ara
082 ## - DEWEY DECIMAL CLASSIFICATION NUMBER
Classification number 338.5
100 ## - MAIN ENTRY--PERSONAL NAME
Personal name سعيد، عفاف عبد الجبار
Relator term مؤلف
245 #0 - TITLE STATEMENT
Title مقدمة في التحليل الإقتصادي الجزئي /
Statement of responsibility, etc. عفاف عبد الجبار سعيد
250 ## - EDITION STATEMENT
Edition statement طبعة 2
260 ## - PUBLICATION, DISTRIBUTION, ETC.
Place of publication, distribution, etc. عمان:
Name of publisher, distributor, etc. دار وائل,
Date of publication, distribution, etc. 2001
300 ## - PHYSICAL DESCRIPTION
Extent 416 صفحة؛
Other physical details إيضاحات ؛
Dimensions 24 سم
504 ## - BIBLIOGRAPHY, ETC. NOTE
Bibliography, etc. note ببليوغرافيا ص.413 كشاف المصطلحات ص.401
520 ## - SUMMARY, ETC.
Summary, etc. طبيعة علم الاقتصاد،نظرية الطلب،نظرية العرض،نظرية السوق،النظرية الكلاسيكية في سلوك المستهلك،النظرية الحديثة في سلوك المستهلك،نظرية الانتاج،نظرية تكاليف الانتاج،الأسواق وتحديد الأسعار ،أسواق المنافسة غير الكاملة،نظرية التوزيع
653 ## - INDEX TERM--UNCONTROLLED
Uncontrolled term الاسواق
653 ## - INDEX TERM--UNCONTROLLED
Uncontrolled term الاقتصاد الجزئي
653 ## - INDEX TERM--UNCONTROLLED
Uncontrolled term المستهلك
700 ## - ADDED ENTRY--PERSONAL NAME
Personal name حسين، مجيدعلي
Relator term مؤلف ثانوي
942 ## - ADDED ENTRY ELEMENTS (KOHA)
Koha item type كتب
المقتنيات
Withdrawn status Lost status Source of classification or shelving scheme Damaged status Not for loan Home library Current library Date acquired Serial enumeration / chronology Inventory number Total checkouts Full call number Barcode Date last seen Price effective from Koha item type
    Dewey Decimal Classification   NOT LOAN / إعارة داخلية مكتبة كلية العلوم الإقتصادية والعلوم التجارية وعلوم التسيير مكتبة كلية العلوم الإقتصادية والعلوم التجارية وعلوم التسيير 07/05/2026 الطابق الأرضي 1049/1   أ/1049ن1 1049/1 07/05/2026 07/05/2026 كتب
    Dewey Decimal Classification   Available مكتبة كلية العلوم الإقتصادية والعلوم التجارية وعلوم التسيير مكتبة كلية العلوم الإقتصادية والعلوم التجارية وعلوم التسيير 07/05/2026 الطابق الأرضي 1049/2   أ/1049ن2 1049/2 07/05/2026 07/05/2026 كتب
    Dewey Decimal Classification   Available مكتبة كلية العلوم الإقتصادية والعلوم التجارية وعلوم التسيير مكتبة كلية العلوم الإقتصادية والعلوم التجارية وعلوم التسيير 07/05/2026 الطابق الثاني 1049/3   أ/1049ن3 1049/3 07/05/2026 07/05/2026 كتب
    Dewey Decimal Classification   Available مكتبة كلية العلوم الإقتصادية والعلوم التجارية وعلوم التسيير مكتبة كلية العلوم الإقتصادية والعلوم التجارية وعلوم التسيير 07/05/2026 الطابق الثاني 1049/4   أ/1049ن4 1049/4 07/05/2026 07/05/2026 كتب

موارد الويب المفتوحة


© University of Algiers 3 All Rights Reserved
|
Implemented by LECHELAH Riad